Geboren in Erlangen - Statistiken

Allgemein
  • Dieses Quiz wurde 52 mal gespielt
    27 seit der letzten Aktualisierung
  • Das Durchschnittsergebnis liegt bei 4 aus 13
Antwortstatistiken
Hinweis Antwort % Korrekt
deutscher Rekordnationalspieler (Bayern München, Mönchengladbach, Inter Mailand) 1961 Lothar Matthäus
81%
Unternehmer, baute die Firma seines Vaters zu einem der weltgrößten Sportartikelhersteller auf 1936 Horst Dassler
70%
bedeutender Physiker und Namensgeber der Technischen Hochschule Nürnberg 1789 Georg Simon Ohm
56%
ZDF-Fersehmoderatorin "aktuelles Sportstudio" 1965 Katrin Müller-Hohenstein
48%
bedeutende Mathematikerin 1882 Emmy Noether
37%
SPD-Politiker und Oberbürgermeister von Erlangen 1980 Florian Janik
37%
Fußballtrainer (Köln, Mainz, Leipzig, Regensburg) 1967 Achim Beierlorzer
33%
Moderatorin der "heute"-Nachrichten und Tochter des langjährigen Oberbürgermeister von Erlangen 1968 Barbara Hahlweg
19%
einer der "Väter des MP3" 1954 Karlheinz Brandenburg
7%
Sportkletterer und Vizeweltmeister in der Disziplin "Lead" 1993 Alexander Megos
0%
Schauspielerin, Ludwigshafen-"Tatort" 1984 Lisa Bitter
0%
Schauspieler, "Wir Kinder vom Bahnhof Zoo" "Druck" 2001 Michelangelo Fortuzzi
0%
Vorstansvorsitzender von Siemens 1964 Roland Busch
0%
Keine übereinstimmenden Quizze gefunden
Verteilung der Resultate
Anzahl Personen mit jedem Resultat
Perzentil nach korrekt beantworteten Fragen
Ihre Resultats-Entwicklung
Sie haben dieses Quiz seit der letzten Aktualisierung nicht gespielt